000 00580nam a2200229Ia 4500
003 OSt
005 20230509134524.0
008 210423s2012 xx 000 0 und d
020 _a978-0-19-564068-3
040 _cAL
041 _aeng
082 _a821 RAMC
100 _aRAMANUJAN (A.K)
_9100803
245 _aCollected poems
260 _aNew Delhi
_bOxford University Press
_c2012
300 _axxxviii,289
_bPB
365 _b345
_cINR
650 _aEnglish Literature
_9100804
650 _aEnglish Poetry
_9100805
906 _aCollected ; poems
942 _2ddc
_cBK
999 _c165639
_d165639